000 01056nam a22002777a 4500
003 dpl
005 20180830132706.0
008 180830b xxu||||| |||| 00| 0 eng d
010 _aB-183175
020 _c408.00
035 _aB-183175, B-183185
037 _bCen Lib/Ret
_a8190379607
040 _aDPL
_bHN
_c0
082 _a
_bनागर
100 _aनागर, जनार्दनराय
_943083
245 _aतपस्वी भरत /
_cजनार्दनराय नागर
246 _aTapaswi bharat /
_bby janardanraye Naagar
260 _aजयपुर
_bअरिहंत पब्लिशर्स
_c2006
270 _aबकत नगर, टोंक फाटक
_bजयपुर
300 _a307पृ.
_c19सेमी(सजिल्द )
650 _aहिंदी साहित्य
_x
_z
_960268
650 _aहिंदी उपन्यास
_960269
650 _aHindi literature
_v
_960270
650 _aHindi fiction
_927248
942 _2ddc
_cHN
_h
_mनागर
999 _c115177
_d115177